000 00428pab a2200157 454500
008 180718b2007 xxu||||| |||| 00| 0 eng d
100 _aTrampusch, Christine
245 _aIndustrial relations as a source of solidarity in times of welfare state retrenchment
260 _c2007
300 _ap.197-215.
362 _aApr
650 _aLabour relations
773 _aJournal of Social Policy
908 _aN
909 _a75268
999 _c75268
_d75268